mysqli: Table './ulib62015/stat_globaluid' is marked as crashed and should be repaired
select id from stat_globaluid where statuid='20260517112117_4176'
mysqli: Table './ulib62015/stat_globaluid' is marked as crashed and should be repaired
DELETE FROM stat_globaluid
WHERE id NOT IN (
SELECT id
FROM (
SELECT id
FROM stat_globaluid
ORDER BY id DESC
LIMIT 100
) foo
);
mysqli: Table './ulib62015/stat_globaluid' is marked as crashed and should be repaired
insert into stat_globaluid set
statuid='20260517112117_4176',
dt='1778991677',
phpself='/ULIB62015/dublinfull.php',
agent='Mozilla/5.0 AppleWebKit/537.36 (KHTML, like Gecko; compatible; ClaudeBot/1.0; +claudebot@anthropic.com)',
yea='2026',
mon='5',
dat='17',
ip='216.73.216.45'
mysqli: Table './ulib62015/stathist_viewbib_bib_type' is marked as crashed and should be repaired
insert into stathist_viewbib_bib_type set
dat='17' ,
mon='05' ,
yea='2026' ,
statuid='20260517112117_4176' ,
head='13399121349' ,
foot='marc' ,
dt='1778991677'
LEADER : 00000nam 2200000uu 4500
001 13399121349
003 ULIB
008 151111s||||||||th 000 0 tha d
020 ^a9781416063803 (v. 6, pt. I)
024 0 ^a^a9781416063803 (v. 6, pt. I)
060 4 ^aWZ17^bN473 V.6 2013
245 10 ^aThe Netter collection of medical illustrations.^nVolume 6,^pMusculoskeletal system /^ca compilation of paintings prepared by Frank H. Netter ; edited by Joseph P. Iannotti, Richard D. Parker ; additional illustrations by Carlos A.G. Machado ; contributing illustrators, John A. Craig ... [et al.]
250 ^a2nd ed.
260 ^aPhiladelphia :^bSaunders/Elsevier,^cc2013.
300 ^axiv, 225 p. :^bill. (chiefly col.), ports. ;^c30 cm.
504 ^aIncludes bibliographical references and index